000 00704nam a2200217Ii 4500
003 JO-AjNU
008 230605s9999||||xx |||||||||||||| ||und||
017 _a2003/7/1271
040 _aJO-AjNU
_bara
_erda
_cJO-AjNU
041 _aara
050 1 4 _aBP144 2003
100 3 _aابن تيميه ، اعداد: تمام ابراهيم,
_eauthor
_910468
245 0 0 _a 198فتوى من فتاوى النساء
250 _aط1
264 3 1 _aعمان: دار الخليج للنشر والتوزيع، 2003
300 _a80ص
336 _atext
_btxt
_2rdacontent
337 _aunmediated
_bn
_2rdamedia
338 _avolume
_bnc
_2rdacarrier
650 4 _aالفتاوى- المرأة المسلمة
_910469
999 _aA1821
_c5389
_d5389